| 000 | 00368nam a22001337a 4500 | ||
|---|---|---|---|
| 999 |
_c12275 _d12275 |
||
| 020 | _a978-8130930879 | ||
| 082 | _a658.407 | ||
| 100 | _aAnne Bruce Stephanie M. Montanez | ||
| 245 | _aLeaders Start to Finish: A Roadmap for Developing Top Performers | ||
| 250 | _a2nd | ||
| 260 |
_aIndia _bVIVA Books _c2015 |
||
| 300 |
_a302 pages. _b8.9 x 6 x 0.9 inches |
||
| 942 | _cBK | ||